| 000 | 00384 a2200121 4500 | ||
|---|---|---|---|
| 001 | ART_11407 | ||
| 005 | 20260410161857.0 | ||
| 008 | 260409a | ||
| 245 | 1 | 0 | _aUn banco central independiente, como herramienta para la estabilidad |
| 100 | 1 | _aGastaldi, Santiago | |
| 700 | 1 | _aFerro, Gustavo | |
| 773 | 0 |
_tRevista de Economía _g- Nº 62 (ene./mar. 1991) _wREV11077 |
|
| 999 |
_c25544 _d25544 |
||